00524nam a2200193Ia 4500008004100000041001200041082000900053100004400062245002700106260004000133300000800173365000800181520002500189546001200214630002700226650002500253655002500278730002700303101110s9999 xx 000 0 und d aENGLISH bFR70 aReddy T. Yellamanda, Reddy G.H. Sankara aPrinciples of agronomy c2003bKalyani publication, Ludhiana a327 b150 aDry-land Agriculture aENGLISH aPrinciples of agronomy aDry-land Agriculture aDry-land Agriculture aPrinciples of agronomy